Personnalités figurant sur les dollars américains par images - Statistiques

Statistiques générales
  • Ce quiz a été pris 30 fois
  • Le résultat moyen est 3 sur 7
Statistiques - réponses
Par images Hint Réponse % Correct
$5 Abraham Lincoln
96%
$1 George Washington
96%
$100 Benjamin Franklin
64%
$2 Thomas Jefferson
40%
$20 Andrew Jackson
20%
$50 Ulysses S. Grant
20%
$10 Alexander Hamilton
12%
Aucun quiz correspondant
Distribution des résultats
% des personnes avec chaque résultat
Percentile par nombre de réponses
Votre historique - résultats
Vous n’avez pas pris ce quiz